| 000 | 00790nam a2200241Ia 4500 | ||
|---|---|---|---|
| 999 |
_c65195 _d65195 |
||
| 005 | 20240530110812.0 | ||
| 008 | 140319s2008 au a b 000 0 ara d | ||
| 017 |
_a2006/8943 _bمصر . دار الكتب |
||
| 020 | _a9789776189454 | ||
| 040 |
_aGCL / _cGCL |
||
| 082 | 0 | 4 |
_221 _a793.74 / _bخ أ |
| 100 | 0 | _aخالد عبد اللاه | |
| 245 | 1 | 2 |
_aالالغاز الرياضية للاذكياء / _cخالد عبد اللاه |
| 250 | _aط.1 | ||
| 260 |
_aالقاهرة : _bمكتبة النافذة، _c2008 . |
||
| 300 |
_a112 ص. : _bايض. ؛ _c24 سم. |
||
| 650 | 0 | 7 |
_aالالغاز _2qrmak |
| 650 | 0 | 7 | _aالالغاز الرياضية |
| 650 | 0 | 7 |
_aالذكاء _2qrmak |
| 651 | _2qrmak | ||
| 942 |
_2ddc _cBK |
||